1133 1094 1883 1540 1693 1115 1563 1375 1698 1881 1347 1488 1159 1189 1473 1568 1530 1766 1227 1912 1773 1108 1534 1376 1162 1490 1608 1366 1577 1450 1608 1657 1681 1551 1727 1828 1489 1836 1419 1254 1469 1090 1723 1844 1012 1350 1312 1758 1429 1902 1771 1656 1665 1282 1704 1665 1280 1250 1212 1303 1388 1844 1660 1694 1910 1244 1324 1941 1391 1072 1760 1268 1493 1043 1612 1929 1000 1700 1373 1750 1989 1964 1894 1301 1128 1380 1111 1929 1165 1308 1319 1778 1009 1981 1872 1666 1725 1172 1534 BCNSPRNW ULIB Ver.6.0+V

เปลี่ยนเป็นภาษาไทย

Change to English
 แสดงรายละเอียดบรรณานุกรม
  กลับหน้าหลัก

Brief Record : Get Marc (ISO 2709) : E-mail record : QR code < ปิดหน้าต่าง
LEADER : 00000nam 2200000uu 4500
001    13399120783
003     ULIB
008    121016s||||||||th 000 0 tha d
099    วพ.WM172^bจ541ป
100 0  จิราวรรณ ดีเหลือ
245 00 ปัจจัยที่ก่อให้เกิดความเครียดและพฤติกรรมการเผชิญความเครียดของคู่สมรสที่มีบุตรยาก^cจิราวรรณ ดีเหลือ
260    ู^c2539
300    162 แผ่น:^bภาพประกอบ
502    วิทยานิพนธ์ (พย.ม.) สาขาวิชาการพยาบาลแม่และเด็ก มหาวิทยาลัยเชียงใหม่
650  7 ความเครียด^xวิทยานิพนธ์
650  7 ภาวะมีบุตรยากวิทยานิพนธ์
945    ^p0^l0^i032841
995    เกษร
999    ^aใช้งานได้ทุกระบบ
รายการนี้ยังไม่มีแท็ก
คุณยังไม่ได้ล็อกอิน คุณสามารถมีกิจกรรมร่วมกับเว็บไซต์ได้ แต่ต้องล็อกอินก่อน ::
  ล็อกอิน

รายการสื่อสารสนเทศ

ลำดับที่ ประเภท เลขเรียก/บาร์โค้ด สถานที่ สถานะ
1. วิทยานิพนธ์
วิทยานิพนธ์
วพ.WM172 จ541ป  
  Barcode: 032841
ห้องสมุดวิทยาเขตสวรรค์ประชารักษ์
►วิจัย
บนชั้น

BibComment


ยังไม่เคยถูกคอมเมนท์

คอมเมนท์ทรัพยากรรายการนี้
  คอมเมนท์: ปัจจัยที่ก่อให้เก..


 Copyright 2026. Bcnsprnw @Library